000 01327nam a2200349 i 4500
001 70527
003 Mx-PuUPA
005 20230828095319.0
008 230825s2022 mx ad gr 000 0 spa d
020 _a9786075388489
040 _aMx-PuUPA
_bspa
_cMx-PuUPA
_dMx-PuUPA
_erda
041 0 _aspa
100 1 _aSicilia Piñero, María,
_914714
_eautor
245 1 0 _aMarketing en redes sociales /
_cMaría Sicilia Piñero, Mariola Palazón Vidal, Inés López López, Manuela López Pérez
250 _aPrimera edición /
_bmarzo
264 1 _aCiudad de México :
_bAlfaomega Grupo Editor,
_c2022
300 _a260 páginas :
_bilustraciones, tablas ;
_c23 cm
336 _2rdacontent
_atexto
_btxt
337 _2rdamedia
_asin medio
_bn
338 _2rdacarrier
_avolumen
_bnc
650 7 _2armarc
_aMercadeo en internet
650 7 _2armarc
_aRedes sociales en internet
_xTécnicas de mercadeo
650 7 _2armarc
_aTelemercadeo
700 1 _aPalazón Vidal, Mariola,
_eautor
700 1 _aLópez López, Inés,
_eautor
700 1 _aLópez Pérez, Manuela,
_eautor
942 _2ddc
_cLI
_h658.872
_iS565
999 _c70527
_d70527